Makers and Their Products Quiz Stats

 Plays Quiz Updated May 27, 2020

Support Sporcle.
Go Orange.
Score 0/9 Timer 04:00
3 Plays Today
% Correct
Cobbler - Shoe maker
93.3%
Vintner - Wine maker
88.7%
Chandler - Candle maker
87.4%
Luthier - Stringed instrument maker
85.8%
Miller - Flour maker
84.5%
Fletcher - Arrow maker
83.2%
Cooper - Barrel maker
79%
Arkwright - Chest and box maker
75.4%
Wainwright - Wagon and cart maker
65.5%

You're not logged in!

Compare scores with friends on all Sporcle quizzes.
OR
Log In

From the Vault

The Kyrgyzstan Quiz

by psubball1

Play this Kyrgyzstan quiz and 24 more like it to earn your 'Bishkek or Bust' badge, and be entered in a Sporcle contest.
Remove Ads.
Support Sporcle.
Get the best of Sporcle when you Go Orange. This ad-free experience offers more features, more stats, and more fun while also helping to support Sporcle. Thank you for becoming a member.

Show Comments

Extras

Top Quizzes Today


Score Distribution

Your Account Isn't Verified!

In order to create a playlist on Sporcle, you need to verify the email address you used during registration. Go to your Sporcle Settings to finish the process.

Report this User

Report this user for behavior that violates our Community Guidelines.

Details: